000 01134cam a2200313 a 4500
005 20260322212008.0
008 data
010 _a 93003955
020 _a0679751521
_c{dollar}23.00
020 _a9780679751526
_c{dollar}23.00
040 _aDLC
_cDLC
_dDLC
043 _an-us-ga
050 0 0 _aF294.S2
_bB48 1994
082 0 0 _a975.8/724
_220
092 _a975.8 B48 1994
100 1 _aBerendt, John,
_d1939-
245 1 0 _aMidnight in the garden of good and evil :
_ba Savannah story /
_cJohn Berendt.
250 _aFirst Vintage Books Edition
260 _aNew York :
_bRandom House,
_c1999, c1994.
300 _a388 p. ;
_c25 cm.
600 1 0 _aWilliams, Jim,
_dd. 1990.
650 0 _aTrials (Murder)
_zSavannah.
_zSavannah.
651 0 _aSavannah (Ga.)
_xSocial life and customs.
651 0 _aSavannah (Ga.)
_xHistory.
856 4 2 _3Contributor biographical information
_uhttp://www.loc.gov/catdir/bios/random056/93003955.html
856 4 1 _3Sample text
_uhttp://www.loc.gov/catdir/samples/random044/93003955.html
856 4 2 _3Publisher description
_uhttp://www.loc.gov/catdir/description/random0411/93003955.html
001 data
999 _c152
_d152